| 000 | 00719nam a22001937a 4500 | ||
|---|---|---|---|
| 003 | BUBTL | ||
| 008 | 210929b ||||| |||| 00| 0 eng d | ||
| 020 | _a9789848143360 | ||
| 082 | _a954.925 / Al117b 2020 | ||
| 100 |
_94235 _aআলম, জাহাঙ্গীর |
||
| 245 |
_aবঙ্গবন্ধুর কৃষি ও গ্রামীণ উন্নয়ন ভাবনা / _cজাহাঙ্গীর আলম |
||
| 250 | _a1st ed. | ||
| 260 |
_aঢাকা : _bপালক পাবলিশার্স, _cc2020 |
||
| 300 |
_a126 p. : _c23 cm. |
||
| 650 | 0 |
_93574 _aবঙ্গবন্ধু |
|
| 856 |
_k0 _l0 _yDownload |
||
| 942 |
_2ddc _cBK |
||
| 999 |
_c6548 _d6548 |
||